Loading...

Financial Performance of Kerala state financial Enterprise ltd,Thrissur

Bibliographic Details
Main Author: Savitha K Chandrababu
Format: Ph.D Thesis
LEADER 00403nam a22001217a 4500
003 OSt
082 |a R-78 SAV/FI 
100 |a Savitha K Chandrababu 
245 |a Financial Performance of Kerala state financial Enterprise ltd,Thrissur 
300 |a 127 
942 |2 ddc  |c TH 
999 |c 177160  |d 177160 
952 |0 0  |1 0  |2 ddc  |4 0  |6 R_78_SAV_FI  |7 1  |8 REF  |9 182096  |a KAUCBV  |b KAUCBV  |c REF  |d 2015-01-22  |o R-78 SAV/FI  |r 2015-01-22  |w 2015-01-22  |y TH